RICS manual of estate agency law and practice (Record no. 96940)
[ view plain ]
| 000 -LEADER | |
|---|---|
| fixed length control field | 01188cam a2200313 4500 |
| 008 - FIXED-LENGTH DATA ELEMENTS--GENERAL INFORMATION | |
| fixed length control field | 090401t1998 xxu||||| |||| 00| 0 eng d |
| 020 ## - INTERNATIONAL STANDARD BOOK NUMBER | |
| International Standard Book Number | 085406866X |
| 035 ## - SYSTEM CONTROL NUMBER | |
| System control number | (Sirsi) u84413 |
| 041 ## - LANGUAGE CODE | |
| Language code of text/sound track or separate title | eng |
| 050 ## - LIBRARY OF CONGRESS CALL NUMBER | |
| Classification number | 333.33 |
| 110 ## - MAIN ENTRY--CORPORATE NAME | |
| Corporate name or jurisdiction name as entry element | Royal Institution of Chartered Surveyors |
| 9 (RLIN) | 4900 |
| 245 ## - TITLE STATEMENT | |
| Title | RICS manual of estate agency law and practice |
| 260 ## - PUBLICATION, DISTRIBUTION, ETC. | |
| Place of publication, distribution, etc. | London |
| Name of publisher, distributor, etc. | RICS |
| Date of publication, distribution, etc. | 1998 |
| 300 ## - PHYSICAL DESCRIPTION | |
| Extent | 1 |
| Type of unit | v. (loose-leaf) |
| Dimensions | 30cm. |
| 350 ## - PRICE (NR) (BK AM CF MU VM SE) [OBSOLETE] | |
| Price | 60 |
| 490 ## - SERIES STATEMENT | |
| Series statement | RICS Guidance Note |
| 490 ## - SERIES STATEMENT | |
| Series statement | RICS Blue Book |
| 520 ## - SUMMARY, ETC. | |
| Summary, etc. | Supersedes "Draft manual of residential estate agency law and practice" (M85264) and "Putting the Estate Agents Act 1979 and the Property Misdescriptions Act 1991 into practice: guidance for estate agents" (ISBN 085406575X). |
| 520 ## - SUMMARY, ETC. | |
| Summary, etc. | Superseded by second edition (ISBN 1842191543). |
| 650 ## - SUBJECT ADDED ENTRY--TOPICAL TERM | |
| Topical term or geographic name entry element | Auctioneering |
| 9 (RLIN) | 6218 |
| 650 ## - SUBJECT ADDED ENTRY--TOPICAL TERM | |
| Topical term or geographic name entry element | RICS MANUAL OF ESTATE AGENCY LAW AND PRACTICE |
| 650 ## - SUBJECT ADDED ENTRY--TOPICAL TERM | |
| Topical term or geographic name entry element | ESTATE AGENCY |
| 650 ## - SUBJECT ADDED ENTRY--TOPICAL TERM | |
| Topical term or geographic name entry element | ESTATE AGENTS ACT 1979 |
| 650 ## - SUBJECT ADDED ENTRY--TOPICAL TERM | |
| Topical term or geographic name entry element | OMBUDSMAN FOR ESTATE AGENTS SCHEME |
| 650 ## - SUBJECT ADDED ENTRY--TOPICAL TERM | |
| Topical term or geographic name entry element | PROPERTY MISDESCRIPTIONS ACT 1991 |
| 690 ## - LOCAL SUBJECT ADDED ENTRY--TOPICAL TERM (OCLC, RLIN) | |
| Topical term or geographic name as entry element | MANAGEMENT-BUSINESS MANAGEMENT-PROFESSIONAL PRACTICE |
| 942 ## - ADDED ENTRY ELEMENTS (KOHA) | |
| Suppress in OPAC | 0 |
| Source of classification or shelving scheme | Dewey Decimal Classification |
| 948 ## - LOCAL PROCESSING INFORMATION (OCLC); SERIES PART DESIGNATOR (RLIN) | |
| c (OCLC) | 23/02/1998 |
| Withdrawn status | Lost status | Source of classification or shelving scheme | Damaged status | Not for loan | Home library | Current library | Shelving location | Date acquired | Cost, normal purchase price | Total Checkouts | Full call number | Barcode | Date last seen | Copy number | Cost, replacement price | Price effective from | Koha item type | Date last checked out |
|---|---|---|---|---|---|---|---|---|---|---|---|---|---|---|---|---|---|---|
| Dewey Decimal Classification | London | London | RICS Boxes | 14/09/1999 | 60.00 | RICS 1998/39 | 30056339 | 06/08/2019 | 1 | 60.00 | 06/08/2019 | Archive | ||||||
| Dewey Decimal Classification | London | London | RICS Boxes | 14/09/1999 | 60.00 | RICS 1998/39 | 30056340 | 06/08/2019 | 2 | 60.00 | 06/08/2019 | Reference material | ||||||
| Dewey Decimal Classification | London | London | RICS Boxes | 26/05/2004 | 4 | RICS 1998/39 | 30069280 | 06/08/2019 | 5 | 06/08/2019 | Book | 23/02/2005 |